000 00279 a2200121 4500
001 48696
020 _a978-85-380-3400-1
040 _cAnchieta - Bela Vista
240 1 0 _aBrincando na fazenda
_lpor
245 1 0 _aBrincando na fazenda
650 4 _aLiteratura infantil
942 _cBK
999 _c48696
_d48696